| 000 | 00695nam a22002057a 4500 | ||
|---|---|---|---|
| 005 | 20100814152436.0 | ||
| 010 | _aENG-100477 | ||
| 020 |
_a9788190793469 _c45.00 |
||
| 035 | _aEN-84010 | ||
| 037 | _bDBAD/PUB | ||
| 082 | _a530 | ||
| 100 |
_aDeivamani, D. _913502 |
||
| 245 |
_aMolecular interations in ternary liquid mixtures / _cby D.Deivamani |
||
| 260 |
_aChidambaram _bSahana Publications _c2008 |
||
| 270 |
_a12, Ganthi Nagar _bChidambaram _e608001 |
||
| 300 |
_a77p. _c20cm (pbk) |
||
| 500 | _aIncludes bibliographical references | ||
| 942 |
_2ddc _cEN _h530 _mDEI |
||
| 999 |
_c41963 _d41963 |
||